Blade Runner /

Conjunto de ensayos que, desde campos muy diversos (filosofía, pintura, poesía, etc.) hacen un homenaje crítico a "Blade Runner" la famosa película de Ridley Scott.

Gespeichert in:
Bibliographische Detailangaben
Weitere Verfasser: Argullol, Rafael (autor) (autor)
Format: Buch
Sprache:Spanisch
Veröffentlicht: Barcelona, España : Tusquets, 1996, c1988
Schriftenreihe:(Fábula Tusquets ; 57)
Schlagworte:
Tags: Tag hinzufügen
Keine Tags, Fügen Sie das erste Tag hinzu!

MARC

LEADER 00000nam^a2200000^a^4500
001 000126629
005 20250521000000.0
009 20260310094733.446
020 |a 84-8310-504-7 
037 |a Acervo ITESO - Biblioteca 
041 |a ESP 
082 |a 302. 2350973  |b BLA 
245 0 0 |a Blade Runner /  |c R. Argullol... [et al.]. 
264 4 |a Barcelona, España :  |b Tusquets,  |c 1996, c1988 
300 |a 141 p. 
336 |a texto  |b txt  |2 rdacontenido 
337 |a sin mediación  |b n  |2 rdamedio 
338 |a volumen  |b nc  |2 rdasoporte 
440 1 |a (Fábula Tusquets ;  |v 57) 
520 |a Conjunto de ensayos que, desde campos muy diversos (filosofía, pintura, poesía, etc.) hacen un homenaje crítico a "Blade Runner" la famosa película de Ridley Scott. 
649 |a XX 
650 |a Cineastas Ingleses 
650 |a Películas de Ciencia-Ficción -  |x Historia y Crítica 
650 |a Películas Policíacas -  |x Historia y Crítica 
650 |a Sociedad Postindustrial en el Cine 
650 |a Modernidad y Posmodernidad en el Cine 
650 |a Cine Norteamericano -  |x Historia y Crítica 
650 |a Cine Norteamericano -  |y 1980-1989 
650 |a Cine Norteamericano -  |y Siglo XX 
650 |a Scott, Ridley 
700 |a Argullol, Rafael  |e (autor) 
910 |a Fondo General 
920 |a Impresos - Libros 
930 |a Colección General 
905 |a 101 
901 |a 0500023073  |b IT1  |c ACC  |u 20250521 
902 |a https://opac.biblio.iteso.mx/vufind/Record/000126629